LIBRARY & INFORMATION CENTRE, KCAET, TAVANUR

ONLINE PUBLIC ACCESS CATALOGUE (OPAC)

Handbook of animal husbandry and diarying / (Record no. 3082)

MARC details
000 -LEADER
fixed length control field 00470cam a2200181ua 4500
041 ## - LANGUAGE CODE
Language code of text/sound track or separate title eng
082 ## - DEWEY DECIMAL CLASSIFICATION NUMBER
Classification number 028.71636
Item number SUB/HA
100 ## - MAIN ENTRY--AUTHOR NAME
Personal name Subbiah, Mudaliar V T .
245 ## - TITLE STATEMENT
Title Handbook of animal husbandry and diarying /
250 ## - EDITION STATEMENT
Edition statement 1 /
260 ## - PUBLICATION, DISTRIBUTION, ETC. (IMPRINT)
Place of publication Madras :
Name of publisher Central Press ,
Year of publication 1960.
300 ## - PHYSICAL DESCRIPTION
Number of Pages 213 ; .
942 ## - ADDED ENTRY ELEMENTS (KOHA)
Koha item type Books
Holdings
Withdrawn status Lost status Damaged status Home library Current library Date acquired Cost, normal purchase price Full call number Accession Number Koha item type
Withdrawn     KAUAET KAUAET 07/04/2012 8.00 028.71636 7436 Reference
Withdrawn     KAUAET KAUAET 07/04/2012 8.00 028.71636 7434 Books
Withdrawn     KAUAET KAUAET 07/04/2012 8.00 028.71636 7437 Reference
free website counter